header

The claustrum (Record no. 111901)

MARC details
000 -LEADER
fixed length control field 01449nam a2200373Ia 4500
082 04 - DEWEY DECIMAL CLASSIFICATION NUMBER
Classification number 616.89/17
100 1# - MAIN ENTRY--AUTHOR NAME
Personal name Meltzer, Donald.
245 14 - TITLE STATEMENT
Title The claustrum
260 ## - PUBLICATION, DISTRIBUTION, ETC. (IMPRINT)
Place of publication London :
Name of publisher Published for the Harris Meltzer Trust by Karnac Books,
Year of publication c2008.
300 ## - PHYSICAL DESCRIPTION
Number of Pages 195 p.
500 ## - GENERAL NOTE
General note Includes index.
650 #0 - SUBJECT ADDED ENTRY--TOPICAL TERM
Topical Term Projection (Psychology)
Topical Term Projective identification.
Topical Term Identity (Psychology)
Topical Term Psychoanalysis.
Topical Term Narcissism.
700 1# - ADDED ENTRY--PERSONAL NAME
Personal name Williams, Meg Harris,
856 40 - ELECTRONIC LOCATION AND ACCESS
Uniform Resource Identifier http://site.ebrary.com/lib/rucke/Doc?id=10593863

No items available.

© 2026 Rongo University
Contact us: librarian | system librarian | Rongo university